000 00888nam a22002417a 4500
005 20090601113618.0
008 080926t xxu||||| |||| 00| 0 eng d
010 _aENG-93801
020 _a9788131305331
_c695.00
035 _aEN-77334
037 _bDBAD / PUB
040 _adpl
_bEnglish
082 _a374
100 _aBhaskaracharyulu, Yerroju
245 _aAdult education /
_cby Yerroju Bhaskaracharyulu
260 _aNew Delhi
_bAPH Publishing Corporation
_c2009
270 _a4435-36/7, Ansari Road, Daryaganj,
_bNew Delhi
_e110002
300 _axvi, 288p.
_c22cm(Hb)
650 _aAdult education
942 _2ddc
_cEN
_mBHA
_h374
999 _c27073
_d27073